000 00433nam a2200145Ia 4500
008 100415s9999 xx 000 0 und d
082 _b20291
_a598.34
100 _aKUSHLAN JAMES A.
245 _aHeron Conservation: FOR REFERENCE ONLY
260 _aLONDON
_c2000
_bACADEMIC PRESS INC.
365 _b2836.83
630 _aHeron Conservation: FOR REFERENCE ONLY
730 _aHeron Conservation: FOR REFERENCE ONLY
942 _cBOOK
999 _c603188
_d603185